000 01532nam a2200313Ia 4500
999 _c40576
_d40576
001 7201
003 GE_BSU
005 20191216105928.0
008 181216s2012||||ge |||||||||||||| ||geo||
020 _a9994021574
040 _cGE_BSU
041 _ageo
080 _a94(479.223)+32+330 თ-86
100 _aთურმანიძე, ოთარ
_93946
245 _aაჭარის პოლიტიკური და ეკონომიკური ისტორია (1921-1940) :
_bმონოგრაფია /
_cოთარ თურმანიძე ; რედ. ავთანდილ სონღულაშვილი.
264 _aბათუმი.
_b ს.ს. "გამომცემლობა აჭარა",
_c2012.
300 _a412 გვ.;
_b20 სმ.
500 _aთავფურ. მე-3 გვ. რუს.
501 _aშემოკლებათა განმარტებანი: გვ. 413.
504 _aბიბლიოგრ. ტექსტის შენიშვნებში.
520 _aრეზ. რუს. და ინგლ.
541 _h26ლ.
653 _aპოლიტიკური ისტორია აჭარაში
653 _aეკონომიკური ისტორია აჭარაში
653 _aპოლიტიკა
653 _aეკონომიკა
700 _aსონღულაშვილი, ა.
_eრედაქტორი
_95799
942 _cBK
_2udc